Catálogo
 En Linea

Memorias del primer año de gobierno del PLD. (Registro nro. 38816)

Detalles MARC
000 -CABECERA
campo de control de longitud fija 00514nam a2200145 a 4500
001 - NÚMERO DE CONTROL
campo de control 000039326
005 - FECHA Y HORA DE LA ÚLTIMA TRANSACCIÓN
campo de control 20201002031610.0
008 - DATOS DE LONGITUD FIJA--INFORMACIÓN GENERAL
campo de control de longitud fija 130621s1997 dr 000 0 spa d
040 ## - FUENTE DE LA CATALOGACIÓN
Centro catalogador/agencia de origen DO-SdBNP
Lengua de catalogación spa
Centro/agencia transcriptor BNPHU
245 10 - MENCIÓN DE TÍTULO
Título Memorias del primer año de gobierno del PLD.
246 14 - FORMA VARIANTE DE TÍTULO
Título propio/Titulo breve primer año construyendo el porvenir
260 ## - PUBLICACIÓN, DISTRIBUCIÓN, ETC.
Lugar de publicación, distribución, etc. Santo Domingo :,
Fecha de publicación, distribución, etc. Secretaría Administrativa de la Presidencia.
300 ## - DESCRIPCIÓN FÍSICA
Extensión 446 p. :
Otras características físicas il.,gráf., retrs. ;
Dimensiones 23 cm.
710 2# - PUNTO DE ACCESO ADICIONAL--NOMBRE DE ENTIDAD CORPORATIVA
Nombre de entidad corporativa o nombre de jurisdicción como elemento de entrada Secretaría Administrativa de la Presidencia
9 (RLIN) 65523
Existencias
Estado de retiro Estado de pérdida No para préstamo Código de colección Localización permanente Ubicación/localización actual Ubicación en estantería Fecha de adquisición Número de inventario Total de préstamos Signatura topográfica completa Código de barras Fecha visto por última vez Precio válido a partir de Tipo de ítem Koha
      Patrimonio Dominicano Patrimonio Dominicano Patrimonio Dominicano Orden iniciada 21.06.2013 LF1   39326-10 25.06.2020 25.06.2020 Libro y Folleto Colección Patrimonio Dominicano

Con tecnología Koha